| 000 | 01027nas a2200325 4500 | ||
|---|---|---|---|
| 001 | BR9703374 | ||
| 003 | BR-BrBNA | ||
| 005 | 20231205100312.0 | ||
| 007 | ta | ||
| 008 | 230509b bl.|||p| |||| 00| 00por d | ||
| 040 |
_aBR-BrBNA _bpor _cBiblioteca Nacional de Agricultura |
||
| 041 | _a(Pt) | ||
| 072 | _aP34 | ||
| 100 | 1 | _aMoura, V.T.L. | |
| 100 | 1 | _aMarques, M.S. | |
| 100 | 1 | _aGoncalves, L.M.B. | |
| 100 | 1 | _aScotti, M.R.M.M.L. | |
| 100 | 1 | _aValle, M.T.S. | |
| 100 | 1 | _aLemos Filho, J.P. | |
| 245 | 1 | _aNodulacao e crescimento de leguminosas cultivadas em solos coletados sob eucaliptal e sob mata atlantica: relacao com os efeitos alelopaticos do Eucalyptus | |
| 650 | _aEucalipto | ||
| 650 | _aLeguminosa | ||
| 650 | _aNodulacao | ||
| 650 | _aAlelopatia | ||
| 650 | _aRhizobium | ||
| 650 | _aMicorriza | ||
| 773 | 0 |
_tRevista Brasileira de Ciencia do Solo (Brazil) _xISSN 0100-0683 _g(Sep-Dec 1996), v. 20(3) p. 399-405 _wBR9703374 |
|
| 909 |
_a202311 _bLúcia _c55 _dLúcia Elande |
||
| 942 |
_2AGRIS _n0 _cANA |
||
| 999 |
_c155246 _d155246 |
||